Statystyki dla Stolice świata najbliżej Warszawy

Kliknij tutaj aby rozwiązać quiz!

Ogólne statystyki

  • Ten quiz został rozwiązany 11 487 razy
  • Średni wynik to 14 z 20

Statystyki odpowiedzi

kmstolica% Poprawnych
518Berlin
99%
517Praga
96%
691Kijów
94%
393Wilno
90%
476Mińsk
89%
534Bratysława
87%
556Wiedeń
82%
546Budapeszt
81%
561Ryga
78%
1064Oslo
75%
812Sztokholm
75%
948Bukareszt
72%
673Kopenhaga
72%
916Helsinki
69%
803Zagrzeb
62%
830Belgrad
49%
814Kiszyniów
45%
834Lublana
45%
835Tallin
42%
952Sarajewo
41%

Rozkład punktacji

Percentyl według liczby udzielonych odpowiedzi

Procent ludzi z każdym wynikiem

Twoja historia wyników

Nie rozwiązałeś tego quizu